El docente líder. Ideas para la auto-mejora continua (Record no. 11006)

MARC details
000 -LEADER
campo de control de longitud fija 00402nam a2200145Ia 4500
001 - NÚMERO DE CONTROL
campo de control 3079
008 - DATOS DE LONGITUD FIJA--INFORMACIÓN GENERAL
campo de control de longitud fija 241024s9999 xx 000 0 und d
020 ## - NÚMERO INTERNACIONAL ESTÁNDAR DEL LIBRO
Número Internacional Estándar del Libro 978-84-15295-40-2
082 ## - NÚMERO DE LA CLASIFICACIÓN DECIMAL DEWEY
Número de clasificación 370.92/G673d
100 ## - ENTRADA PRINCIPAL--NOMBRE DE PERSONA
Nombre de persona Alfredo Gorrochotegui Martell
245 #0 - MENCIÓN DEL TÍTULO
Título El docente líder. Ideas para la auto-mejora continua
260 ## - PUBLICACIÓN, DISTRIBUCIÓN, ETC.
Nombre del editor, distribuidor, etc. Miño y Dávila
Fecha de publicación, distribución, etc. 2013
901 ## - ELEMENTOS DE DATOS A LOCAL LDA (RLIN)
a 25/7/2013 8:37:02 a.m.

No items available.

© 2024. Todos los Derechos Reservados. Desarrollado por IDEICE